Phương pháp dạy và học đàn phím điện tử : (Electonic keyboard)

Guardat en:
Dades bibliogràfiques
Autor principal: Nguyễn, Xuân Tứ
Format: Llibre
Idioma:Undetermined
Publicat: Hà Nội Đại học Sư phạm 2004
Matèries:
Etiquetes: Afegir etiqueta
Sense etiquetes, Sigues el primer a etiquetar aquest registre!
Thư viện lưu trữ: Trung tâm Học liệu Trường Đại học Cần Thơ
LEADER 00617nam a2200205Ia 4500
001 CTU_99600
008 210402s9999 xx 000 0 und d
020 |c 14000 
082 |a 786.7 
082 |b T550 
100 |a Nguyễn, Xuân Tứ 
245 0 |a Phương pháp dạy và học đàn phím điện tử : 
245 0 |b (Electonic keyboard) 
245 0 |c Nguyễn Xuân Tứ 
260 |a Hà Nội 
260 |b Đại học Sư phạm 
260 |c 2004 
650 |a Musical instruments electronic 
904 |i Tuyến 
980 |a Trung tâm Học liệu Trường Đại học Cần Thơ